| 000 | 00685nam a2200205Ia 4500 | ||
|---|---|---|---|
| 001 | 12508 | ||
| 003 | GE_BSU | ||
| 008 | 181216s||||||||xx |||||||||||||| ||und|| | ||
| 040 | _cGE_BSU | ||
| 080 | _a636+612 | ||
| 245 | _aНовое в физиологии домашних животных=Progress in the Physiology of farm Animals | ||
| 245 | _cПод.ред. А.П.Дмитроченко, М.М Лебедева | ||
| 260 | _aМ-Л | ||
| 260 | _bГосиздат сель.-хоз.лит-ры | ||
| 260 | _c1958 | ||
| 300 | _a480стр.23см.илл. | ||
| 300 | _eТаблицы | ||
| 653 | _aНовое в физиологии домашних животных | ||
| 942 | _cBK | ||
| 999 |
_c45682 _d45682 |
||